00343nam a22001097a 4500020000800000040001600008082001300024100001800037245008800055260004900143300004100192 qHB. cFIZZA ISHAQ a658bJIM aCollins, Jim. aGood To Great : Why Some Companies Make The Leap and Others Don't /c Jim. Collins. aNew York:bHarper-Collins Publishers,c2001. a300 P. ;c 6.34 x 1.18 x 9.45 inches